The political economy of underdevelopment

Αποθηκεύτηκε σε:
Λεπτομέρειες βιβλιογραφικής εγγραφής
Κύριος συγγραφέας: Szentes, Tamas
Μορφή: Βιβλίο
Γλώσσα:English
Δημοσίευση: Budapest : Akademiai Kiado, 1983
Έκδοση:4th ed., rev.
Θέματα:
Ετικέτες: Προσθήκη ετικέτας
Δεν υπάρχουν, Καταχωρήστε ετικέτα πρώτοι!

MARC

LEADER 00000cam a2200000 i 4500
001 1/40054
008 030908s1983 eng d
020 |a 963-05-2891-6 
035 |l 10070737 
040 |a GR-MY-UA  |b gre  |e aacr 
041 0 |a eng 
082 0 |a 330.91724 
100 1 |a Szentes, Tamas. 
245 1 4 |a The political economy of underdevelopment /  |c Tamas Szentes 
250 |a 4th ed., rev. 
260 |a Budapest :   |b Akademiai Kiado,   |c 1983 
300 |a 426 σ. 
651 0 |a Developing countries. 
852 |a INST  |b CHIOS  |e 20030908  |h 330.91724 SZE  |p 005200013755  |q 005200013755  |t BK  |y 0 
901 |a BIBL2-2003-3 
909 |a Χ  |b 100253 
970 |a ΣΠΕΝΤΖΑ  |b ΕΛΕΝΗ  |z 2003/09/08